Carta Democrática Interamericana = Inter-American Democratic Charter =
El texto consagra el derecho de los pueblos a la democracia, como un hito en materia de Derecho Internacional y como acción pionera en el Sistema Interamericano de Derechos Humanos; que posiciona la Democracia como Derecho Humano, el cual requiere de garantías y de la acción colectiva de los Estados...
Guardat en:
| Autor corporatiu: | |
|---|---|
| Format: | Desconegut |
| Idioma: | Spanish |
| Publicat: |
Costa Rica :
IIDH
2005
|
| Matèries: | |
| Etiquetes: |
Afegir etiqueta
Sense etiquetes, Sigues el primer a etiquetar aquest registre!
|
MARC
| LEADER | 00000 a2200000 04500 | ||
|---|---|---|---|
| 001 | 48187 | ||
| 003 | cru CIDCACS/IIS | ||
| 005 | 20231010112622.0 | ||
| 007 | ta | ||
| 008 | 050627s2005 cr spa d | ||
| 020 | |a [sin ISBN] | ||
| 022 | |a [sin ISBN] | ||
| 040 | |c cru CIDCACS/IIS | ||
| 090 | |a 04.02.02 I59c | ||
| 110 | |a Instituto Interamericano de Derechos Humanos | ||
| 245 | |a Carta Democrática Interamericana = |b Inter-American Democratic Charter = |b Charte Démocratique Interaméricaine / |c Instituto Interamericano de Derechos Humanos | ||
| 260 | |a Costa Rica : |b IIDH |c 2005 | ||
| 300 | |a 53 páginas | ||
| 520 | |a El texto consagra el derecho de los pueblos a la democracia, como un hito en materia de Derecho Internacional y como acción pionera en el Sistema Interamericano de Derechos Humanos; que posiciona la Democracia como Derecho Humano, el cual requiere de garantías y de la acción colectiva de los Estados para defenderla. La Carta como tal, enfatiza la interrelación entre los Derechos Humanos y la democracia, y deviene el régimen político democrático como la principal exigencia de los postulados y principios de los Derechos Humanos. Finalmente, el texto es un reto a los Estados que suscriben la Carta, a no solamente garantizar sistemas electorales de calidad, sino, a ampliar el cumplimiento de Derechos Humanos fundamentales, como el derecho al desarrollo humano y la observancia de los derechos económicos, sociales y culturales. | ||
| 650 | 0 | |9 38 |a DERECHOS HUMANOS | |
| 650 | 0 | |9 6040 |a DERECHO INTERNACIONAL | |
| 650 | 0 | |a POLITICA EXTERIOR |9 370 | |
| 650 | 0 | |9 382 |a POLITICA INTERNACIONAL | |
| 650 | 0 | |a LEGISLACION SOCIAL |9 426 | |
| 650 | 0 | |9 3066 |a ASPECTOS POLITICOS | |
| 650 | 0 | |9 411 |a DESARROLLO POLITICO | |
| 650 | 0 | |9 67 |a SISTEMAS POLITICOS | |
| 650 | 0 | |9 83 |a DEMOCRACIA | |
| 650 | 4 | |9 1849 |a DEMOCRATIZACION | |
| 650 | 0 | |9 2174 |a SISTEMAS ELECTORALES | |
| 651 | 0 | |9 7885 |a AMERICA | |
| 942 | |2 ddc |c LI |h 04.02.02 I59c |i 14799 |6 040202_I59C_14799 | ||
| 999 | |c 8180 |d 8180 | ||
